000 00909cam a2200289 i 4500
001 3245192
003 OSt
005 20140310184509.0
008 801021s1981 nyua j 000 1 eng
010 _a 80025886
020 _a0803708092 :
_c$9.43
020 _a0803708076 (lib. bdg.) :
_c$8.44
040 _aDLC
_cDLC
_dDLC
042 _alcac
050 0 0 _aPZ 8.3
_b.A123Br 1989
100 1 _aAardema, Verna.
_921651
245 1 0 _aBringing the rain to Kapiti Plain :
_ba Nandi tale /
_cretold by Verna Aardema ; pictures by Beatriz Vidal.
260 _aNew York :
_bDial Press,
_c1989.
300 _a[32] p. :
_bcol. ill. ;
_c22 x 28 cm.
650 1 _aDroughts
_xFiction.
_929155
650 1 _aStories in rhyme.
_95554
651 1 _aAfrica
_xFiction.
_929156
700 1 _aVidal, Beatriz.
_929022
906 _a7
_bcbc
_corignew
_du
_eocip
_f19
_gy-gencatlg
942 _2lcc
_cBK-SCHOLAS
999 _c34890
_d34890